Public Finance (Record no. 2912)
[ view plain ]
| 000 -LEADER | |
|---|---|
| fixed length control field | 00328nam a22001337a 4500 |
| 008 - FIXED-LENGTH DATA ELEMENTS--GENERAL INFORMATION | |
| fixed length control field | 250407b |||||||| |||| 00| 0 eng d |
| 020 ## - INTERNATIONAL STANDARD BOOK NUMBER | |
| ISBN | 0314067493 |
| 100 ## - MAIN ENTRY--AUTHOR | |
| Author | HOLCOMBE G. Randall |
| 245 ## - TITLE STATEMENT | |
| Title | Public Finance |
| 260 ## - PUBLICATION, DISTRIBUTION, ETC. (IMPRINT) | |
| Place of publication | USA. |
| Name of publisher | West Publishing Company |
| Date of publication | 1996 |
| 300 ## - COLLATION | |
| Pagination | xviii, 544p. |
| 942 ## - ADDED ENTRY ELEMENTS (KOHA) | |
| Item type | Books |
| 050 ## - LIBRARY OF CONGRESS CALL NUMBER | |
| Classification number | HJ257 |
| Item number | .H65 |
| Source of classification or shelving scheme | Not for loan | Permanent location | Current location | Date acquired | Accession No. | Full call number | Barcode. | Koha item type |
|---|---|---|---|---|---|---|---|---|
| Library of Congress Classification | Samuel Ogbemudia Main Library, University of Abuja | Samuel Ogbemudia Main Library, University of Abuja | 04/07/2025 | 2006/28763 | HJ257.H65 | 2025-1257 | Books |